=LDR 00000nam 2200000 4500 =001 INLIS000000000007981 =005 20130612095911 =008 ***********************************Ind** =035 ##$$0010-061300000007981 =041 ##$$a Ind =082 ##$$a 001.94 =090 ##$$a 001.94, Sal u =100 ##$$a Salatun, J =245 ##$$a UFO, salah satu masalah dunia masa kini, J. Salatun =260 ##$$a 1982 $b Jakarta =300 ##$$a x, 168 hlm, 21 cm =650 ##$$a Piring terbang